1527 1135 1327 1295 1945 1505 1266 1119 1209 1799 1457 1210 1241 1256 1995 1312 1637 1161 1815 1781 1057 1463 1303 1462 1280 1489 1145 1707 1299 1066 1650 1816 1827 1250 1434 1400 1316 1816 1445 1131 1538 1462 1319 1070 1131 1913 1516 1067 1706 1985 1348 1632 1247 1284 1725 1417 1035 1947 1048 1974 1153 1962 1614 1012 1346 1460 1381 1359 1539 1319 1059 1526 1616 1450 1488 1845 1309 1312 1835 1243 1321 1875 1796 1329 1878 1598 1386 1031 1596 1667 1905 1726 1317 1136 1362 1332 1083 1385 1442 BCNSPRNW ULIB Ver.6.0+V

เปลี่ยนเป็นภาษาไทย

Change to English
 แสดงรายละเอียดบรรณานุกรม
  กลับหน้าหลัก

Brief Record : Get Marc (ISO 2709) : E-mail record : QR code < ปิดหน้าต่าง
LEADER : 00000nam 2200000uu 4500
001    13399127154
003     ULIB
008    191018s2562||||th 000 0 tha d
020 ^- ^a9786163660626
050 ^- ^aนว.^bข562น
100 0^ ^aขวัญใจ เอมใจ.
245 10 ^aนางฟ้าที่(แสน)รัก /^cขวัญใจ เอมใจ.
250 ^- ^aพิมพ์ครั้งที่ 1.
260 ^- ^aนนทบุรี :^bดวงตะวัน,^c2562
300 ^- ^a447 หน้า.
945    ^p350^l0^i006341
999    ^aประนอม เกษจรัล
รายการนี้ยังไม่มีแท็ก
คุณยังไม่ได้ล็อกอิน คุณสามารถมีกิจกรรมร่วมกับเว็บไซต์ได้ แต่ต้องล็อกอินก่อน ::
  ล็อกอิน

รายการสื่อสารสนเทศ

ลำดับที่ ประเภท เลขเรียก/บาร์โค้ด สถานที่ สถานะ
1. นวนิยาย
นวนิยาย
นว. ข562น ฉ.1 
  Barcode: 006341
ห้องสมุดวิทยาเขตนครสวรรค์
►นวนิยาย:l:Fiction
บนชั้น

รายการใกล้เคียง
    ผู้แต่ง [ขวัญใจ เอมใจ.]

BibComment


ยังไม่เคยถูกคอมเมนท์

คอมเมนท์ทรัพยากรรายการนี้
  คอมเมนท์: นางฟ้าที่แสนรัก ..


 Copyright 2026. Bcnsprnw @Library